Investície a modernizácia ako podmienka konkurenčnej výkonnosti korporácie
Stratégia ďalšieho rozvoja jednotlivých výrobných závodov nadnárodnej korporácie I.D.C. Holding , a.s. Investície v skupine I.D.C. Holding v rokoch 1995-2000. Príprava investičných projektov zameraných na rozširovanie súčasného portfólia výrobkov. Ukazovateľ pridanej hodnoty. Hodnotenie konkurencies...
Na minha lista:
| Autor principal: | |
|---|---|
| Formato: | Capítulo de Livro |
| Idioma: | eslovaco |
| Assuntos: | |
| Tags: |
Sem tags, seja o primeiro a adicionar uma tag!
|
MARC
| LEADER | 00000naa a2200000 4500 | ||
|---|---|---|---|
| 001 | r040000 | ||
| 005 | 20230825104243.7 | ||
| 041 | 0 | |a slo | |
| 044 | |a SK | ||
| 245 | 1 | 0 | |a Investície a modernizácia ako podmienka konkurenčnej výkonnosti korporácie |c Pavol Jakubec |
| 520 | |a Stratégia ďalšieho rozvoja jednotlivých výrobných závodov nadnárodnej korporácie I.D.C. Holding , a.s. Investície v skupine I.D.C. Holding v rokoch 1995-2000. Príprava investičných projektov zameraných na rozširovanie súčasného portfólia výrobkov. Ukazovateľ pridanej hodnoty. Hodnotenie konkurencieschopnosti spoločnosti. | ||
| 610 | 2 | 0 | |a holding |
| 610 | 2 | 0 | |a spoločnosti nadnárodné |
| 610 | 2 | 0 | |a I.D.C. Holding, a.s. |
| 610 | 2 | 0 | |a konkurencieschopnosť |
| 610 | 2 | 0 | |a stratégia obchodná |
| 610 | 2 | 0 | |a investície |
| 610 | 2 | 0 | |a investície modernizačné |
| 610 | 2 | 0 | |a projekty investičné |
| 610 | 2 | 0 | |a efektívnosť inovácií |
| 100 | 1 | |a Jakubec, Pavol | |